=LDR 00000nam 2200000 4500 =001 INLIS000000000007897 =005 20200130093525 =035 ##$$a 0010-061300000007897 =008 200130################g##########0#ind## =041 ##$$a Ind =082 ##$$a 001.424 =090 ##$$a 001.42, Sin o =100 ##$$a Simarenata, Dj.A =245 1#$$a Operatons research: sebuah pengantar : $b Teknik-teknik optimasi kuantitatif dari sistem-sistem oprasional /$c Ir.Dj.A.Simaratama =260 ##$$a Jakarta :$b PT Gramedia,$c 1985 =300 ##$$a 125 hlm. : $b ilus. ; $c 14 x 21 cm =650 #4$$a Metode penelitian =084 ##$$a 001.424 SIM o =250 ##$$a Cet.3 =500 ##$$a Bibliografi : hlm. 125 =990 ##$$a 57.470/Pro.93 =990 ##$$a DW00017370 =990 ##$$a 57.470/Pro.93 =990 ##$$a DW00017370 =990 ##$$a 00220022 =990 ##$$a 00220022 =990 ##$$a 00220022 =990 ##$$a 00220022 =990 ##$$a 00087624 =990 ##$$a 57.470/Pro.93 =990 ##$$a DW00017370 =990 ##$$a 1201353450 =990 ##$$a 1201353451 =990 ##$$a 1201353452